[Event "Sydney Challenge op"]
[Site "Sydney"]
[Date "1999.01.27"]
[Round "3"]
[White "Caoili, Arianne"]
[Black "Dauvergne, Peter"]
[Result "1-0"]
[WhiteElo "2041"]
[BlackElo "2270"]
[PlyCount "85"]
[EventDate "1999.01.??"]
[EventType "swiss"]
[EventRounds "6"]
[EventCountry "AUS"]
[SourceTitle "EXT 2000"]
[Source "ChessBase"]
[SourceDate "1999.11.16"]
[SourceVersion "1"]
[SourceVersionDate "1999.11.16"]
[SourceQuality "1"]

1. Nf3 d5 2. d4 c6 3. c4 Nf6 4. Nc3 e6 5. e3 Bd6 6. Qc2 Nbd7 7. Bd3 dxc4 8. Bxc4 0-0 9. 0-0 e5 10. a3 Qe7 11. Ba2 b6 12. Rd1 Bb7 13. e4 Rad8 14. Kh1 Bb8 15. Be3 Kh8 16. h3 exd4 17. Bxd4 c5 18. Bxf6 Nxf6 19. Rxd8 Rxd8 20. Re1 h6 21. Bb1 g6 22. Qc1 Kh7 23. Qc2 Re8 24. h4 Ng4 25. h5 Qf6 26. hxg6+ fxg6 27. Kg1 Ne5 28. Nxe5 Rxe5 29. Qd3 Bc6 30. g3 Rg5 31. Rd1 h5 32. Qd8 Qe5 33. Kf1 Rg4 34. Qf8 Bc7 35. Ba2 Qg7 36. Qc8 Rg5 37. Bg8+ Kh6 38. Be6 Re5 39. Kg1 Qe7 40. Bc4 Bxe4 41. f4 Rf5 42. Rd7 Bxf4 43. Qh8+ 1-0

[Event "Philadelphia"]
[Site "Philadelphia"]
[Date "1986.??.??"]
[Round "?"]
[White "Dauvergne, Peter"]
[Black "Shahade, Michael"]
[Result "0-1"]
[WhiteElo "2200"]
[BlackElo "2310"]
[PlyCount "82"]
[EventDate "1986.??.??"]
[EventType "tourn"]
[EventRounds "11"]
[EventCountry "USA"]
[EventCategory "5"]
[SourceTitle "EXT 1997"]
[Source "ChessBase"]
[SourceDate "1996.11.15"]
[SourceVersion "1"]
[SourceVersionDate "1996.11.15"]
[SourceQuality "1"]

1. d4 Nf6 2. c4 e6 3. Nc3 Bb4 4. e3 c5 5. Nge2 cxd4 6. exd4 0-0 7. a3 Be7 8. d5 exd5 9. cxd5 Bc5 10. b4 Bb6 11. Na4 Re8 12. Nxb6 axb6 13. h3 d6 14. Be3 Ne4 15. Nf4 Ng3 16. Rg1 Qf6 17. Be2 Bf5 18. Qd4 Nd7 19. Qxf6 Nxf6 20. Bb5 Bd7 21. Bxd7 Nxd7 22. Kd2 Nf5 23. Rge1 b5 24. Ne2 Nxe3 25. fxe3 Nb6 26. Nc3 Nc4+ 27. Kd3 Nxa3 28. Ne4 Ra6 29. Rac1 Nc4 30. Nc3 Rb6 31. Ra1 h6 32. Ra7 Rc8 33. Rb1 Nxe3 34. Re1 Nxg2 35. Re7 Nf4+ 36. Ke3 Ng6 37. Rexb7 Rxb7 38. Rxb7 Rxc3+ 39. Kd2 Rxh3 40. Rb8+ Kh7 41. Rxb5 Nf4 0-1

[Event "Philadelphia"]
[Site "Philadelphia"]
[Date "1986.??.??"]
[Round "?"]
[White "Goregliad, Sergei"]
[Black "Dauvergne, Peter"]
[Result "0-1"]
[WhiteElo "2315"]
[BlackElo "2200"]
[PlyCount "36"]
[EventDate "1986.??.??"]
[EventType "tourn"]
[EventRounds "11"]
[EventCountry "USA"]
[EventCategory "5"]
[SourceTitle "EXT 1997"]
[Source "ChessBase"]
[SourceDate "1996.11.15"]
[SourceVersion "1"]
[SourceVersionDate "1996.11.15"]
[SourceQuality "1"]

1. d4 Nf6 2. c4 e6 3. Nc3 d5 4. Bg5 Be7 5. cxd5 exd5 6. Qc2 h6 7. Bh4 0-0 8. e3 Nbd7 9. 0-0-0 b6 10. g4 Bb7 11. Bxf6 Nxf6 12. Bd3 Nxg4 13. Nf3 c5 14. Kb1 Bh4 15. Rdf1 Qf6 16. Bf5 cxd4 17. exd4 Bc8 18. Nxd5 Qxf5 0-1

[Event "Canadian op"]
[Site "Toronto"]
[Date "1983.07.09"]
[Round "1"]
[White "Dauvergne, Peter"]
[Black "Hawkes, Rob"]
[Result "1-0"]
[WhiteElo "1962"]
[BlackElo "2223"]
[PlyCount "57"]
[EventDate "1983.07.09"]
[EventType "swiss"]
[EventRounds "10"]
[EventCountry "CAN"]
[SourceTitle "EXT 2022"]
[Source "ChessBase"]
[SourceDate "2021.10.06"]
[SourceVersion "1"]
[SourceVersionDate "2021.10.06"]
[SourceQuality "1"]

1. d4 g6 2. c4 Bg7 3. Nc3 d6 4. e4 c6 5. Bg5 Qb6 6. Nge2 Qxb2 7. Rb1 Qa3 8. Na4 b5 9. cxb5 cxb5 10. Qc2 Bd7 11. Nec3 Nc6 12. Bc1 Nxd4 13. Qd2 Qxc1+ 14. Rxc1 bxa4 15. Nd5 Rb8 16. Qa5 Nc6 17. Qxa4 e6 18. Bb5 Rxb5 19. Nc7+ Kf8 20. Qxb5 Nge7 21. 0-0 Be5 22. Nd5 exd5 23. exd5 a6 24. Qb7 Bc8 25. Qa8 Nb4 26. Rxc8+ Nxc8 27. Qxc8+ Kg7 28. Qc4 a5 29. a3 1-0

[Event "CAN-ch U20 1982-83"]
[Site "Toronto"]
[Date "1982.12.31"]
[Round "6"]
[White "Gardner, Robert"]
[Black "Dauvergne, Peter"]
[Result "0-1"]
[WhiteElo "1916"]
[BlackElo "1991"]
[PlyCount "112"]
[EventDate "1982.12.26"]
[EventType "tourn"]
[EventRounds "11"]
[EventCountry "CAN"]
[SourceTitle "EXT 2022"]
[Source "ChessBase"]
[SourceDate "2021.10.06"]
[SourceVersion "1"]
[SourceVersionDate "2021.10.06"]
[SourceQuality "1"]

1. e4 e6 2. d4 d5 3. Nd2 dxe4 4. Nxe4 Be7 5. Nf3 Nf6 6. Nxf6+ Bxf6 7. Bf4 0-0 8. Bd3 c5 9. h4 cxd4 10. Bxh7+ Kxh7 11. Ng5+ Kg8 12. Qh5 Qa5+ 13. Bd2 Qf5 14. 0-0-0 Bd7 15. Bb4 Qg6 16. Qxg6 fxg6 17. Bxf8 Kxf8 18. Nh7+ Ke7 19. Nxf6 gxf6 20. Rxd4 Nc6 21. Rd2 Ne5 22. Rhd1 Bc6 23. g3 Rh8 24. f4 Ng4 25. Re1 e5 26. fxe5 fxe5 27. Rd4 Bf3 28. Ra4 a6 29. Ree4 Bxe4 30. Rxe4 Nf6 31. Rxe5+ Kf7 32. Rc5 Re8 33. Rc3 Ke6 34. Re3+ Kd5 35. Rf3 Ne4 36. Rf7 b5 37. g4 Rh8 38. h5 gxh5 39. Rf5+ Kd4 40. Rxh5 Rf8 41. c3+ Kc4 42. g5 Rf1+ 43. Kc2 Rf2+ 44. Kc1 Rg2 45. Rh8 Rxg5 46. Rc8+ Kd5 47. Rd8+ Kc6 48. Rd4 Rg1+ 49. Kc2 Rg2+ 50. Kc1 Nc5 51. Kb1 Na4 52. Rb4 a5 53. Rb3 Kc5 54. Kc1 Kc4 55. Kb1 Kd3 56. c4+ Kxc4 0-1